| 000 | 01182nam0a22002651 4500 | ||
|---|---|---|---|
| 001 | rc\531754 | ||
| 005 | 20030616165522.8 | ||
| 035 | _a(NLR Aleph) 005769760 | ||
| 090 |
_a5020963 _c5020963 |
||
| 100 | _a20030616d1987 u |0rusy50 ca | ||
| 101 | 0 | _arus | |
| 102 | _aRU | ||
| 105 | _ay ||||||||| | ||
| 200 | 1 |
_aОсновы художественного конструирования _eУчеб. пособие для студентов инж.-техн. спец. _fМ-во высш. и сред. спец. образования АрмССР, Ерев. политехн. ин-т им. К. Маркса. Каф. автоматизиации и комплекс. механизации машиностроения |
|
| 210 |
_aЕреван _cЕрев. политехн. ин-т _d1987 |
||
| 215 |
_a63 с. _d20 |
||
| 300 | _aВ вып. дан. авт.: Армен Араевич Саркисян [!] | ||
| 320 | _aБиблиогр.: с. 60-61 | ||
| 700 | 1 |
_aСарксян _bА. А. |
|
| 702 | 1 |
_aСаркисян [!] _bА. А. _gАрмен Араевич _4570 |
|
| 801 | 0 |
_aRU _bNLR _gpsbo |
|
| 801 | 1 |
_aRU _bELAR _2rusmarc |
|
| 852 |
_aNLR _j88-4/21477 |
||
| 942 | _cBOOK | ||
| 980 | _aNB | ||